| 000 | 00474nam a2200109Ia 4500 | ||
|---|---|---|---|
| 008 | 160909s9999 xx 000 0 und d | ||
| 100 | _aRattanamasmongkol, Pongsuda. | ||
| 245 | _aFactors Influencing Preschool Teachers' Perceptions of Behavior Support Strategies for Addressing Young Children's Emotional and Behavioral Problems | ||
| 260 |
_bThe George Washington University _c2016 |
||
| 650 | _aEDUC/SPED | ||
| 856 | _uhttp://pqdtopen.proquest.com/doc/1759630611.html?FMT=ABS | ||
| 999 |
_c304998 _d304998 |
||